000 01977nam0a2200409 4500
001 RU\NLR\bibl\1792205
005 20260407085218.0
010 _a978-5-91298-086-2
_9300
021 _aRU
_b2011-48232
_93428
035 _a(nilc)RSL-KNO-004965777
035 _a(NLR Aleph) 001782906
090 _a1708947
_c1708947
100 _a20110627d2011 |||y0rusy50 ca
101 0 _arus
102 _aRU
105 _ay |||||||||
200 1 _aРоссия в конкурентной борьбе за африканские минерально-сырьевые ресурсы
_f[В. В. Лопатов, Е.Н. Корендясов, Л.П. Калинина и др.]
_gУчреждение Российской акад. наук, Ин-т Африки РАН
210 _aМосква
_cИн-т Африки
_d2011
215 _a186, [1] с.
_cтабл.
_d20
300 _aАвт. указаны на обороте тит. л.
320 _aБиблиогр. в примеч. в конце гл.
606 1 _aГорнодобывающая промышленность
_xИнвестиции капитала иностранные
_yАфриканские страны
_92098712
_3RU\NLR\auth\661573066
607 _aРоссийская Федерация
_xЭкономические взаимоотношения
_yАфриканские страны
_92189892
_3RU\NLR\auth\661316451
686 _aУ9(6)0-553,0
_2rubbk
686 _aУ30(6)54-563
686 _aУ9(2)-563(2Р)
701 1 _aЛопатов
_bВ. В.
_gВладимир Васильевич
_4070
701 1 _aКорендясов
_bЕ. Н.
_4070
701 1 _aКалинина
_bЛ. П.
_gЛюдмила Павловна
_4070
712 0 2 _4570
_aИнститут Африки
_cМосква
_3RU\NLR\AUTH\8813199
_9299427
801 0 _aRU
_bRuMoRKP
_c20110627
_grcr
801 1 _aRU
_bРГБ
_c20110627
801 2 _aRU
_bNLR
_c20110727
_grcr
942 _cBOOK
980 _aNB
980 _aNBR